Historias y cuentos para los estudiantes del Colegio del Rosario (Registro nro. 166729)

Detalles MARC
000 -ENCABEZADO
Número de control [NR] 01795nam a22002537a 4500
005 - FECHA Y HORA DE LA ÚLTIMA TRANSACCIÓN
control field 20211117124026.0
008 - DE LONGITUD FIJA DE DATOS DE ELEMENTOS - INFORMACIÓN GENERAL
Elementos de longitud fija [NR] 130510s1915 ck ||||fr|||| 001 1 spa d
040 ## - FUENTE DE CATALOGACION [NR]
Quien Cataloga Sandra Yazo (modificó)
Quien Clasifica Sandra Yazo
041 0# - CODIGO DE IDIOMA [R]
Código de idioma para texto/pista de sonido o título separado [R] Español
082 04 - NUMERO DE CLASIFICACION DECIMAL DEWEY [R]
Número de la edición [NR] 20
Número de clasificación [R] 868.44
092 ## - SIGNATURA TOPOGRAFICA LOCAL
Número de clasificación local E26N007
245 00 - MENCION DE TITULO [NR]
Título [NR] Historias y cuentos para los estudiantes del Colegio del Rosario
Mención de responsabilidad, etc. [NR] Compilado por R. M. C.
260 ## - PUBLICACION, DISTRIBUCION, ETC. (PIE DE IMPRENTA) [R]
Lugar de publicación, distribución, etc. [R] Bogotá (Colombia)
Nombre del editor, distribuidor, etc. [R] Arboleda & Valencia
Fecha de publicación, distribución, etc. [R] 1915
300 ## - DESCRIPCION FISICA [R]
Extensión [R] xi, 254 páginas
Dimensiones [R] 18 x 12 cm.
500 ## - NOTA GENERAL [R]
Nota general [NR] Detalles físicos: Encuadernación rígida en cartón forrado en tela. Tapa con datos de publicación repujados y pintados. Guardas. Portada impresa en una tinta. Texto impreso sobre papel de buena calidad. Mayúsculas capitales. Ej. 1 empieza a desencuadernarse. Ej.2 primer cuadernillo suelto. Ej.3 En buen estado de conservación
505 ## - NOTA DE CONTENIDO CON FORMATO PREESTABLECIDO [R]
Nota de contenido con formato preestablecido [NR] Al lector, por Rafael María Carrasquilla ; ¿Cómo se graduó? / Colegial -- Blanco y negro, por el mismo ; El último pensamiento, por Oscar E Martínez ; Los novios de Mimí, sobre un cuento de Jules Lemaitre ; En brazos de su madre, variaciones sobre otro cuento del mismo autor -- Doña fortuna y don Dinero, por Fernán Caballero ; Trabajo vence fortuna por Alva Escudero ; Historia y leyenda de San Cristóbal, por Rafael María Carrasquilla ; La imagen anónima ; Ayer, hoy, mañana por Rafael María Carrasquilla
506 ## - NOTA DE RESTRICCIONES DE ACCESO [R]
Condiciones de acceso [NR] Consulta en sala
610 14 - ASIENTO SECUNDARIO DE MATERIA - NOMBRE CORPORATIVO [R]
9 (RLIN) 3797
Nombre corporativo o nombre de la jurisdicción como elemento de entrada [NR] Universidad Colegio Mayor de Nuestra Señora del Rosario
Subdivisión general [R] Cuentos
650 #7 - ASIENTO SECUNDARIO DE MATERIA - TERMINO TEMATICO [R]
Fuente del encabezamiento o término [NR] Cuentos colombianos
9 (RLIN) 75
690 ## - ASUNTO AGREGADO LOCAL DE ENTRADA - TÉRMINO TEMÁTICO (OCLC, RLIN)
Acceso temático local Literatura colombiana
9 (RLIN) 18629
700 1# - ASIENTO SECUNDARIO - NOMBRE PERSONAL [R]
Nombre personal [NR] Carrasquilla, Rafael María
Títulos u otras palabras asociadas con el nombre [R] 1857-1930 ‎
Término de relación [R] compilador
9 (RLIN) 37195
856 41 - LOCALIZACION Y ACCESO ELECTRONICOS [R]
Identificador Uniforme del Recurso (“URI”) [R] <a href="https://repository.urosario.edu.co/handle/10336/32839">https://repository.urosario.edu.co/handle/10336/32839</a>
Nota dirigida al público [R] Disponible en línea
942 ## - ELEMENTOS DE ENTRADA AGREGADOS (KOHA)
Tipo de ítem principal el descrito en 300a Libro
Edición 1
Sistema de clasificación LOCAL
Clasificación E26N007
Existencias
Suprimido Perdido Sistema de clasificación Dañado No prestable Tipo de ítem específico Ubicación habitual Ubicación actual Localización Fecha de creación Forma de adquisición Costo Total préstamos Signatura topográfica Código de barras Última vez visto Ejemplar Price effective from Tipo de ítem
    LOCAL     Libro archivo Archivo Histórico Archivo Histórico Archivo histórico 10/05/2013 Donación 0.00   E26N007 L003762 10/05/2013 Ej.1 10/05/2013 Libro
    LOCAL     Libro archivo Archivo Histórico Archivo Histórico Archivo histórico 10/05/2013 Donación 0.00   E26N007 L003763 10/05/2013 Ej.2 10/05/2013 Libro
    LOCAL     Libro archivo Archivo Histórico Archivo Histórico Archivo histórico 22/01/2016 Donación 0.00   E26N007 L005297 22/01/2016 Ej.3 22/01/2016 Libro